[Event "Mechanics' SummerTNM; 30/90, SD/30"]
[Site "San Francisco"]
[Date "2014.07.01"]
[Round "6.16"]
[White "Handler, Andrew"]
[Black "Manvelyan, Hovik"]
[Result "0-1"]
[WhiteElo "1636"]
[BlackElo "2026"]
[Annotator "Donaldson"]
[PlyCount "130"]
[EventDate "2014.??.??"]

1. e4 Nc6 2. Nc3 e5 3. Bc4 d6 4. d3 Be6 5. Bb5 Nge7 6. f4 exf4 7. Bxf4 Ng6 8.
Bg3 h5 9. Nf3 h4 10. Bf2 h3 11. g3 Bg4 12. d4 a6 13. Be2 Qd7 14. a3 O-O-O 15.
Qd3 f5 16. exf5 Bxf5 17. Qd2 d5 18. O-O-O Na5 19. Bd3 Be7 20. Bxf5 Qxf5 21. Qd3
Rhf8 22. Rhf1 Bxa3 23. Qxf5+ (23. bxa3 Qxf3 24. Qxg6 Qxc3) 23... Rxf5 24. Rd3
Be7 25. Be1 Nc4 26. b3 Bg5+ 27. Kb1 Ne3 28. Rf2 Ng4 29. Re2 Bh6 30. Bd2 Bxd2
31. Nxd2 c6 32. Kc1 Rdf8 33. Nd1 Nf2 34. Nxf2 Rxf2 35. Rde3 Rxe2 36. Rxe2 Kd7
37. Kd1 Ne7 38. Ke1 Nf5 39. c3 g5 40. g4 Nh4 41. Rf2 Ng2+ 42. Ke2 Nf4+ 43. Ke3
Re8+ 44. Kf3 a5 45. Nf1 b5 46. Ne3 a4 47. bxa4 bxa4 48. Nc2 Rb8 49. Nb4 Kd6 50.
Ra2 Ra8 51. Ke3 Re8+ 52. Kf3 Ra8 53. Ke3 c5 54. dxc5+ Kxc5 55. Rd2 Kc4 56. Rd4+
Kxc3 (56... Kb3) 57. Nxd5+ Nxd5+ 58. Rxd5 a3 59. Rd3+ Kc4 60. Rd4+ Kc5 61. Rd1
a2 62. Ra1 Kb4 63. Ke4 Kb3 64. Kf5 Ra5+ 65. Kg6 Kb2 0-1

[Event "Mechanics' SummerTNM; 30/90, SD/30"]
[Site "San Francisco"]
[Date "2014.06.10"]
[Round "3.24"]
[White "Handler, Andrew"]
[Black "Sachs-Weintraub, Julian"]
[Result "1-0"]
[WhiteElo "1636"]
[BlackElo "850"]
[PlyCount "81"]
[EventDate "2014.??.??"]

1. e4 e5 2. Nc3 Nf6 3. Bc4 Bb4 4. d3 c6 5. Bg5 h6 6. Bxf6 Qxf6 7. Nge2 a5 8.
O-O b5 9. Nxb5 cxb5 10. Bxb5 O-O 11. Kh1 Bb7 12. f4 Bd6 13. f5 Bc7 14. Bc4 Na6
15. Nc3 Bc6 16. a3 d6 17. Qh5 Nc5 18. Rf3 Bd8 19. Rg3 Qh4 20. Qe2 Bg5 21. Rg4
Qh5 22. Rf1 Kh8 23. Bd5 Rac8 24. Bxc6 Rxc6 25. Nd5 Na4 26. f6 gxf6 27. Nxf6 Qg6
28. h4 Nxb2 29. hxg5 hxg5 30. Rf5 Qh6+ 31. Kg1 Rg8 32. Nxg8 Kxg8 33. Rgxg5+ Kf8
34. c4 Na4 35. Qd2 Ke7 36. Qxa5 Nc5 37. Qa7+ Nd7 38. Rxf7+ Kxf7 39. Qxd7+ Kf6
40. Rf5+ Kg6 41. Qf7# 1-0

[Event "Mechanics' Whitehead TNM; 30/90, SD/30"]
[Site "San Francisco"]
[Date "2014.08.05"]
[Round "1.3"]
[White "Handler, Andrew"]
[Black "Vickers, Keith"]
[Result "0-1"]
[WhiteElo "1652"]
[BlackElo "2200"]
[PlyCount "72"]
[EventDate "2014.??.??"]

1. e4 d5 2. exd5 Qxd5 3. Nc3 Qa5 4. d4 Nf6 5. Nf3 c6 6. Bc4 Bf5 7. Bd2 e6 8.
O-O Qc7 9. Re1 Be7 10. Ne5 Nbd7 11. h3 O-O 12. Bf4 Nxe5 13. Bxe5 Qd7 14. Qe2 a5
15. Rad1 Qd8 16. Bd3 Bg6 17. Bxg6 hxg6 18. Ne4 Nxe4 19. Qxe4 Qd5 20. b3 Qxe4
21. Rxe4 a4 22. c4 axb3 23. axb3 Rfd8 24. Re3 Rd7 25. Red3 Rad8 26. Kf1 f6 27.
Bg3 e5 28. d5 cxd5 29. Rxd5 Rxd5 30. Rxd5 Rxd5 31. cxd5 Kf7 32. Ke2 Bd6 33. Kd3
b5 34. f3 $4 e4+ 35. Kxe4 Bxg3 36. Kd4 Bd6 0-1

[Event "Mechanics' SummerTNM; 30/90, SD/30"]
[Site "San Francisco"]
[Date "2014.05.27"]
[Round "1.3"]
[White "Handler, Andrew"]
[Black "Winslow, Elliott"]
[Result "0-1"]
[WhiteElo "1636"]
[BlackElo "2235"]
[Annotator "Winslow"]
[PlyCount "114"]
[EventDate "2014.??.??"]

1. e4 c5 2. Nc3 d6 3. f4 g6 4. Nf3 Bg7 5. Bc4 (5. Bb5+ Bd7 6. Bxd7+ Qxd7 7. O-O
Nc6 8. d3 Nf6 (8... Nh6 $5 9. Kh1 f5 10. Bd2 (10. exf5 Nxf5 11. Ne4 O-O $15)
10... O-O 11. Qe1 Rae8 $11) 9. h3 (9. Bd2)) (5. d4 {leads to a Dragon Sicilian.
}) 5... Nc6 6. d3 (6. O-O Nf6 7. Qe1 (7. d3 O-O 8. Qe1 (8. f5 e6 9. fxg6 (9.
Qe1 d5 $1 10. Bb3 c4 $1 11. dxc4 dxe4 12. Nxe4 Nxe4 13. Qxe4 exf5 {
Vo Hong Phuong-Xu Yuhua, Istanbul ol 2000}) 9... fxg6 10. Bg5 h6 11. Bh4 g5 12.
Be1 d5 13. Bb3 Na5 $15 {Meulner-Ploetz, Wildflecken 1988}) 8... Nd4 9. f5 $6 (
9. Nxd4 cxd4 10. Nd5 (10. Ne2 $6 d5 $1 11. exd5 Nxd5 $17 12. Qf2 Ne3 (12... b5
$5 $146 13. Bxb5 Qb6 {with promising compensation [Ft]}) 13. Bxe3 dxe3 14. Qxe3
Bxb2 15. Rab1 Bg7 16. Qf3 Rb8 17. Ng3 e6 18. Kh1 b6 {With the bishop pair and
sounder structure, Black was in full control in Kolosowski-Nedilko, Warsaw
2006}) (10. Nd1 d5 11. Bb3 dxe4 12. dxe4 Nd7 $5 $146 13. Nf2 Qc7 14. Nd3 a5 $1
15. a4 Nc5 16. Nxc5 Qxc5) 10... Nxd5 11. Bxd5 (11. exd5 {
J.Peters-D.Lee, Los Angeles 1999.} Bd7 $146 {with the possible continuation}
12. a4 a5 13. Bd2 Re8 {with roughly even chances [Ft]}) 11... e6 12. Bb3 a5 13.
a4 Kh8 $5 14. Bd2 Bd7 15. Qg3 Qc7 16. Qh4 f5 $1 17. Rfe1 Rae8 $11 {
Black's defenses were holding firm in Klimov-Trofimov, Sarka 2005}) (9. Bb3 a5
$1 {...})) 7... O-O 8. f5 e6 $1 9. fxg6 fxg6 10. d3 (10. e5 $6 dxe5 11. d3 Nd4
12. Bb3 (12. Nxd4 cxd4 13. Ne4 Nxe4 14. Rxf8+ Qxf8 15. Qxe4 Qf5 $17) 12... Nd5
$1 13. Nxd4 Rxf1+ 14. Qxf1 {Dorfman-Polugaevsky, Moscow 1976} cxd4 $1 $146 15.
Ne4 Bd7 16. Bg5 Qc7 $17 {[Ft]}) 10... Ng4 11. Bg5 Qb6 $11) 6... e6 7. O-O Nge7
8. Qe1 h6 9. Bd2 a6 10. a4 Nd4 11. Nxd4 cxd4 12. Ne2 d5 13. exd5 (13. Bb3)
13... exd5 $6 (13... Nxd5 $1) 14. Bb3 O-O 15. Qh4 Nf5 16. Qxd8 Rxd8 17. Ng3 Ne3
18. Rfe1 h5 19. Nf1 Be6 20. Rab1 Nf5 21. Ng3 Ne7 22. Rf1 h4 23. Nh1 Nf5 24. Nf2
Rac8 25. Ng4 Rc6 26. Ne5 Rcc8 27. Rfe1 Re8 28. Nf3 Bf6 29. Ne5 b6 30. Ng4 Bg7
31. Ne5 a5 32. Re2 Ne7 33. Rbe1 Bf6 34. Kf2 Kg7 35. Kf3 Red8 36. Ng4 Bxg4+ 37.
Kxg4 Nf5 38. Kf3 Kf8 39. Kg4 Nd6 40. Bxd5 Rxc2 41. b3 Rc5 42. Bc4 Kg7 43. b4
Rcc8 44. Bb3 axb4 45. Bxb4 Nf5 46. Bd2 Rc5 47. Kf3 Rc3 $1 48. Bc4 Ra3 49. Bb5
Nd6 (49... Rb3 50. Bc4 Ra3) 50. Rb1 $4 Nxb5 51. axb5 Rxd3+ 52. Kf2 Ra3 53. g3
hxg3+ 54. hxg3 d3 55. Ree1 Ra2 56. Red1 Bc3 57. Ke1 Re8+ {
0-1 Handler,A (1636)-Winslow,E (2235)/San Francisco 2014/[Winslow,Elliott C]}
0-1

[Event "Mechanics' Whitehead TNM; 30/90, SD/30"]
[Site "San Francisco"]
[Date "2014.08.26"]
[Round "4.25"]
[White "Handler, Andrew"]
[Black "Wishard, Bruce"]
[Result "1-0"]
[WhiteElo "1652"]
[BlackElo "1412"]
[PlyCount "67"]
[EventDate "2014.??.??"]

1. e4 e5 2. Bc4 Nf6 3. d3 Bc5 4. Nc3 O-O 5. f4 Nc6 6. Nf3 d6 7. f5 h6 8. Na4
Nd7 9. c3 a6 10. Nxc5 Nxc5 11. b4 Nd7 12. O-O Na7 13. Be3 Nb5 14. Qd2 Kh7 15.
Kh1 Nb6 16. Bb3 Bd7 17. a4 Na7 18. g4 f6 19. Rg1 Be8 20. Rg3 Bf7 21. Bxf7 Rxf7
22. Rh3 Qf8 23. g5 fxg5 24. Nxg5+ Kg8 25. Nxf7 Kxf7 26. f6 gxf6 27. Bxb6 cxb6
28. Rxh6 Qg7 29. Rg1 Qf8 30. Qa2+ Ke8 31. Rg8 Ke7 32. Rh7+ Ke8 33. Qf7+ Kd8 34.
Qd7# 1-0

[Event "Mechanics' Fall TNM; 30/90, SD/30"]
[Site "San Francisco"]
[Date "2014.11.25"]
[Round "5.15"]
[White "Handler, Andrew Todd"]
[Black "Hakobyan, Sos"]
[Result "0-1"]
[WhiteElo "1652"]
[BlackElo "1953"]
[PlyCount "76"]
[EventDate "2014.??.??"]

1. e4 e6 2. d4 d5 3. Be3 dxe4 4. Nd2 Nf6 5. f3 Nd5 6. Qe2 Nxe3 7. Qxe3 exf3 8.
Ngxf3 Nc6 9. c3 Be7 10. Bd3 Bh4+ 11. g3 Bf6 12. O-O Qe7 13. Ne5 Nxe5 14. dxe5
Bg5 15. Qe2 Qc5+ 16. Kh1 Bxd2 17. Qxd2 Qxe5 18. Rae1 Qd5+ 19. Kg1 Qc5+ 20. Rf2
Bd7 21. b4 Qe7 22. Qe3 a6 23. a3 Rd8 24. Bc2 O-O 25. Rd1 Rfe8 26. Qe4 g6 27.
Qxb7 Bc8 28. Qf3 Rxd1+ 29. Bxd1 Rd8 30. Bc2 e5 31. Bb3 Be6 32. Bxe6 Qxe6 33.
Qf6 Rd6 34. Qf3 e4 35. Qf4 e3 36. Re2 Rd1+ 37. Kg2 Qd5+ 38. Kh3 Qh5+ 0-1

[Event "Mechanics' Fall TNM; 30/90, SD/30"]
[Site "San Francisco"]
[Date "2014.12.16"]
[Round "8.17"]
[White "Handler, Andrew Todd"]
[Black "Newey, Richard"]
[Result "0-1"]
[WhiteElo "1652"]
[BlackElo "1747"]
[Annotator "Donaldson"]
[PlyCount "46"]
[EventDate "2014.??.??"]

1. e4 c5 2. Nc3 d6 3. f4 g6 4. Nf3 Bg7 5. Bc4 Nf6 6. d3 Nc6 7. O-O a6 (7... O-O
8. Qe1 {and now} Nd4 {or} (8... e6 {are the choice of top GMs.})) 8. a4 O-O 9.
Qe1 Na5 (9... e6 10. Qh4 d5) 10. Ba2 Be6 $6 11. Bxe6 fxe6 12. Kh1 (12. e5 $1)
12... Nc6 13. Bd2 Rc8 14. Qh4 Nh5 $6 (14... Nd4) 15. Ng5 (15. Qh3 $1 {
and then Ng5 would have been difficult to meet.}) 15... Bf6 $1 16. g4 Bxg5 17.
Qxg5 Nf6 18. f5 Ne5 {Black is defending very well and is now out of trouble.}
19. fxg6 hxg6 20. h3 Rf7 21. Ne2 Qf8 22. Nf4 $4 Nh7 23. Nxg6 (23. Qh4 g5) 23...
Rxf1+ 0-1

[Event "Mechanics' Fall TNM; 30/90, SD/30"]
[Site "San Francisco"]
[Date "2014.10.21"]
[Round "1.5"]
[White "Handler, Andrew Todd"]
[Black "Vickers, Keith"]
[Result "0-1"]
[WhiteElo "1652"]
[BlackElo "2200"]
[Annotator "Donaldson"]
[PlyCount "56"]
[EventDate "2014.??.??"]

1. e4 d5 2. exd5 Qxd5 3. Nc3 Qa5 4. d4 Nf6 5. Nf3 c6 6. Bc4 Bf5 7. Bd2 e6 8.
O-O ({The main line runs} 8. Qe2 Bb4 9. O-O-O Nbd7 10. a3 Bxc3 11. Bxc3 Qc7 12.
Ne5 Nxe5 13. dxe5 Nd5 14. Bd2 O-O-O 15. g4 Bg6 16. f4 h5 17. h3 Qb6 18. Rhf1
hxg4 19. hxg4 {and now Black chooses between} Rh3 {and} (19... Qc5)) (8. Nd5
Qd8 9. Nxf6+ {and now both} gxf6 {and} (9... Qxf6 {are playable.})) 8... Nbd7
9. Re1 Qc7 10. Bb3 Bd6 11. Qe2 O-O-O 12. Ne5 $2 {Diagram # Falling into a trap.
} (12. Rad1) 12... Nxe5 $1 13. dxe5 Bxe5 $1 $19 {
The point, the bishop on d2 is hanging. NM Vickers neatly finishes things up.}
14. g3 Bd6 15. Be3 Kb8 16. Rad1 Ka8 17. a4 h5 18. a5 h4 19. Rxd6 Qxd6 20. Bf4
Qb4 21. a6 Nd5 22. axb7+ Qxb7 23. Nxd5 exd5 24. Ra1 hxg3 25. fxg3 Rhe8 26. Qf2
d4 27. Qd2 Qb6 28. Kg2 d3 0-1

[Event "Mechanics' Fall TNM; 30/90, SD/30"]
[Site "San Francisco"]
[Date "2014.11.25"]
[Round "5.37"]
[White "Harris, Clarence"]
[Black "Allen, Tom"]
[Result "0-1"]
[WhiteElo "1617"]
[BlackElo "1440"]
[PlyCount "50"]
[EventDate "2014.??.??"]

1. e4 e5 2. Nf3 Nc6 3. Bb5 f5 4. Nc3 fxe4 5. Nxe4 Nf6 6. Qe2 Be7 7. d3 O-O 8.
O-O d6 9. h3 a6 10. Ba4 Be6 11. Nfg5 Nd4 12. Nxf6+ Rxf6 13. Qd1 Bd5 14. c3 Nf5
15. Bb3 Bxb3 16. Qxb3+ d5 17. Ne4 Rb6 18. Qc2 dxe4 19. dxe4 Nd6 20. Be3 Rc6 21.
Qb3+ Kh8 22. Rad1 Qe8 23. Qd5 Nc4 24. Qd7 Nxe3 25. Qxe8+ Rxe8 0-1

[Event "Mechanics' Fall TNM; 30/90, SD/30"]
[Site "San Francisco"]
[Date "2014.11.04"]
[Round "3.33"]
[White "Harris, Clarence"]
[Black "Grey, Peter"]
[Result "1/2-1/2"]
[WhiteElo "1617"]
[BlackElo "2014"]
[Annotator "Donaldson"]
[PlyCount "66"]
[EventDate "2014.??.??"]

1. e4 c5 2. Nc3 Nc6 3. g3 g6 4. Bg2 Bg7 5. f4 d6 6. Nf3 e6 7. d3 Nge7 8. O-O
O-O 9. Be3 Nd4 10. e5 $5 Nef5 11. Bf2 Nxf3+ 12. Qxf3 Nd4 13. Qd1 dxe5 14. fxe5
Bxe5 15. Ne4 Nc6 (15... f5 16. Nxc5 Qc7 {is considered a better line for Black.
}) 16. c3 f5 $6 (16... b6 17. Nxc5 bxc5 18. Bxc6 Rb8 19. Bxc5 Qc7 20. Qf3 Bd7
21. Bxd7 Qxc5+ $11) 17. Nxc5 Bd6 18. d4 Bxc5 $6 19. dxc5 Qxd1 20. Raxd1 e5 21.
Bd5+ Kg7 22. b4 Kf6 23. Be3 (23. Bxc6 bxc6 24. Rd6+ Ke7 25. Rxc6 {
was a tempting alternative.}) 23... Ne7 $2 24. Bb3 Nc6 25. Bh6 $18 Re8 26. Rd6+
Be6 27. Rfd1 Rad8 28. h4 $6 (28. Bxe6 Rxd6 29. Rxd6 Rxe6 30. Bg5+ Kf7 31. Rd7+
$18) 28... Rxd6 29. Rxd6 Kf7 30. Bxe6+ Rxe6 31. Rd7+ Re7 32. Rd6 Re6 33. Rd7+
Re7 1/2-1/2

[Event "Mechanics' Whitehead TNM; 30/90, SD/30"]
[Site "San Francisco"]
[Date "2014.08.05"]
[Round "1.1"]
[White "Harris, Clarence"]
[Black "Lee, Andy"]
[Result "0-1"]
[WhiteElo "1655"]
[BlackElo "2361"]
[Annotator "Winslow,Elliott C"]
[PlyCount "46"]
[EventDate "2014.??.??"]

1. e4 e5 2. Nf3 Nc6 3. Bb5 a6 4. Bxc6 dxc6 5. O-O f6 6. d4 Bg4 7. dxe5 Qxd1 8.
Rxd1 fxe5 9. Rd3 Bd6 10. Nbd2 b5 (10... Nf6 11. Nc4 O-O 12. Nfxe5 Be2 13. Re3
Bxc4 14. Nxc4 Ng4 15. Re2 Bxh2+ 16. Kf1 Rae8 17. Nd2 Rd8 18. f3 Bg3 19. Kg1 Ne5
20. b3 Ng6 {
0-1 (59) Kamsky,G (2741)-Carlsen,M (2862), Sinquefield Cup, Saint Louis 2013})
11. Nb3 $2 (11. b3 Ne7 12. Bb2 Ng6 13. g3 O-O 14. Kg2) (11. b4 $5 Nf6 (11...
Ne7 12. c4) 12. Bb2 Nd7 13. c4 Bxb4 14. cxb5 axb5 15. Nxe5 Nxe5 16. Bxe5 O-O
$44 {0-1 (39) Brynell,S (2488)-Wedberg,T (2487) Stockholm 1999}) 11... c5 12.
Na5 c4 13. Rd1 Nf6 14. Nc6 O-O 15. Re1 Bxf3 16. gxf3 Nh5 17. Kg2 a5 18. Bg5 Ra6
19. Ne7+ Bxe7 20. Bxe7 Rg6+ 21. Kh1 Rxf3 22. Rg1 Rxf2 23. Rxg6 hxg6 0-1

[Event "Mechanics' Whitehead TNM; 30/90, SD/30"]
[Site "San Francisco"]
[Date "2014.09.30"]
[Round "9.25"]
[White "Harris, Clarence"]
[Black "Louie, Henry"]
[Result "1/2-1/2"]
[WhiteElo "1655"]
[BlackElo "1509"]
[PlyCount "44"]
[EventDate "2014.??.??"]

1. e4 e5 2. Nf3 Nc6 3. Bb5 a6 4. Bxc6 dxc6 5. O-O Bg4 6. h3 Bxf3 7. Qxf3 Nf6 8.
d3 Be7 9. Be3 O-O 10. Nd2 b5 11. Rad1 Re8 12. Nb3 a5 13. d4 exd4 14. Nxd4 Ra6
15. Nxc6 Qa8 16. Nxe7+ Rxe7 17. Bf4 Qc8 18. e5 Ne8 19. Bg5 Rxe5 20. Rd8 Qe6 21.
Bh4 g6 22. Qd3 Rd6 {
Drawn in 34 moves, the scoresheets are illegible from this point onwards.}
1/2-1/2

[Event "Mechanics' Fall TNM; 30/90, SD/30"]
[Site "San Francisco"]
[Date "2014.12.09"]
[Round "7.37"]
[White "Harris, Clarence"]
[Black "Ross, David Yaguda"]
[Result "0-1"]
[WhiteElo "1617"]
[BlackElo "1511"]
[PlyCount "66"]
[EventDate "2014.??.??"]

1. e4 c5 2. Nc3 Nc6 3. g3 g6 4. Bg2 Bg7 5. f4 d6 6. Nf3 Nf6 7. d3 a6 8. O-O O-O
9. Be3 b5 10. e5 Ng4 11. Bd2 Bb7 12. h3 Nh6 13. g4 Qd7 14. Nd5 Rab8 15. c3 dxe5
16. Nxe5 Nxe5 17. fxe5 Bxd5 18. Bxd5 Qxd5 19. Qe2 Rbd8 20. Rf3 Kh8 21. b3 Ng8
22. Re1 e6 23. g5 Ne7 24. h4 Nc6 25. Bf4 Kg8 26. h5 Nxe5 27. Bxe5 Bxe5 28. Qxe5
Qxf3 29. h6 Qg4+ 30. Kh2 Qh4+ 31. Kg2 Qg4+ 32. Kh2 f6 33. Qc7 Qh5+ 0-1

[Event "Mechanics' Fall TNM; 30/90, SD/30"]
[Site "San Francisco"]
[Date "2014.12.16"]
[Round "8.38"]
[White "Harris, Clarence"]
[Black "Simpkins, Jerry"]
[Result "0-1"]
[WhiteElo "1617"]
[BlackElo "1500"]
[Annotator "Donaldson"]
[PlyCount "86"]
[EventDate "2014.??.??"]

1. e4 e5 2. Nf3 d5 3. exd5 e4 4. Qe2 f5 5. d3 Nf6 6. Bg5 Be7 7. dxe4 fxe4 8.
Bxf6 Bxf6 9. Qxe4+ Kf7 10. Qb4 Re8+ 11. Be2 Qxd5 12. Nc3 Bxc3+ 13. Qxc3 h6 14.
Rd1 Qe4 15. Rd2 Nc6 16. Qd3 Qg4 17. O-O Be6 18. Nd4 Qxd4 19. Qxd4 Nxd4 20. Rxd4
Rad8 21. Bh5+ g6 22. Rf4+ Kg7 23. Bf3 c6 24. Re1 Rd2 25. h3 Rxc2 26. Bg4 Bf7
27. Rxe8 Bxe8 28. Re4 Bf7 29. Re7 Kf6 30. Rxb7 Bxa2 31. Rxa7 Rxb2 32. Bf3 Bd5
33. Bxd5 cxd5 34. Ra6+ Kg5 35. g3 h5 36. Rd6 Rd2 37. f4+ Kf5 38. Kf1 h4 39.
gxh4 Kxf4 40. Rxg6 Rh2 41. Rg4+ Kf3 42. h5 Rxh3 43. Ke1 $4 (43. Rg8 Rh1+ 44.
Rg1 Rxh5 45. Ke1 $11) 43... Kxg4 0-1

[Event "Mechanics' Whitehead TNM; 30/90, SD/30"]
[Site "San Francisco"]
[Date "2014.08.19"]
[Round "3.14"]
[White "Harris, Clarence"]
[Black "Wong, Russell"]
[Result "0-1"]
[WhiteElo "1655"]
[BlackElo "2200"]
[PlyCount "78"]
[EventDate "2014.??.??"]

1. e4 Nf6 2. e5 Nd5 3. c4 Nb6 4. d4 d6 5. exd6 exd6 6. Nc3 Be7 7. h3 Bf5 8. Nf3
O-O 9. Be2 Re8 10. O-O Bf6 11. Be3 Nc6 12. Bd3 Qd7 13. b3 Nb4 14. Bxf5 Qxf5 15.
Ne1 a5 16. a4 d5 17. c5 Nd7 18. Nb5 Rac8 19. Rb1 Nf8 20. Rb2 Ne6 21. Rd2 Ng5
22. Bxg5 Bxg5 23. Re2 Re6 24. Rxe6 fxe6 25. Nf3 Bf4 26. Nh4 Qf6 27. Nf3 c6 28.
Nc3 e5 29. Nxe5 Bxe5 30. Qg4 Rd8 31. dxe5 Qxe5 32. Ne2 Nd3 33. Nd4 Nxc5 34. Nf5
g6 35. Qg5 Re8 36. Nh6+ Kg7 37. Qxe5+ Rxe5 38. Ng4 Re2 39. Rb1 d4 0-1

[Event "Mechanics' Fall TNM; 30/90, SD/30"]
[Site "San Francisco"]
[Date "2014.11.18"]
[Round "4.27"]
[White "Henriques, Keith"]
[Black "Matz, James"]
[Result "0-1"]
[WhiteElo "267"]
[BlackElo "1785"]
[Annotator "Donaldson"]
[PlyCount "28"]
[EventDate "2014.??.??"]

1. e4 e6 2. d4 d5 3. Nc3 Bb4 4. Bd3 Nc6 5. Nf3 Bd7 6. O-O dxe4 7. Bxe4 Nf6 8.
Bxc6 Bxc6 9. a3 Bxc3 10. bxc3 O-O 11. Bg5 h6 12. Bxf6 Qxf6 13. g3 $4 Qxf3 14.
Qxf3 Bxf3 0-1

[Event "Mechanics' Fall TNM; 30/90, SD/30"]
[Site "San Francisco"]
[Date "2014.11.25"]
[Round "5.31"]
[White "Henriques, Keith"]
[Black "Standen, Julian"]
[Result "0-1"]
[WhiteElo "267"]
[BlackElo "1652"]
[PlyCount "50"]
[EventDate "2014.??.??"]

1. e4 d5 2. d4 dxe4 3. Nc3 Nf6 4. Nge2 Bg4 5. h3 Bxe2 6. Bxe2 e6 7. O-O Be7 8.
Be3 O-O 9. a3 c6 10. Qd2 Nbd7 11. f3 exf3 12. Bxf3 Nb6 13. Qd3 Nbd5 14. Nxd5
cxd5 15. c3 Rc8 16. Rac1 a6 17. Rfd1 Qd6 18. Re1 b5 19. b4 Rfd8 20. Re2 Qc7 21.
Bf2 Qf4 22. Qe3 Bd6 23. Qxf4 Bxf4 24. Be3 Bd6 25. Rec2 Rc7 {Black won on time.}
0-1

[Event "Mechanics' Spring TNM; 30/90, SD/30"]
[Site "San Francisco"]
[Date "2014.04.08"]
[Round "4.23"]
[White "Hilliard, Michael"]
[Black "Campers, Willie"]
[Result "0-1"]
[WhiteElo "1400"]
[BlackElo "1663"]
[Annotator "Donaldson"]
[PlyCount "82"]
[EventDate "2014.??.??"]

1. d4 d5 2. Nf3 Nf6 3. e3 Bf5 4. c4 c6 5. Nc3 (5. Qb3 Qb6 (5... b6 $2) 6. Qxb6
axb6) 5... Nbd7 $2 (5... e6 6. Qb3 Qb6) 6. Qb3 (6. cxd5 $2 cxd5 7. Qb3 Qb6 8.
Nxd5 Qxb3 (8... Nxd5 9. Qxd5) 9. Nxf6+ Nxf6 10. axb3) 6... Rb8 (6... Qb6) 7.
cxd5 cxd5 8. Nxd5 Qa5+ (8... Be4 9. Nc3 Bxf3 10. gxf3) 9. Nc3 e6 10. Bd2 Qd8
11. Qa4 a6 12. Be2 Bd6 13. O-O O-O 14. b4 Nb6 15. Qb3 Rc8 16. Rac1 h6 17. Na4
Nbd5 18. Nc5 Qe7 19. Nh4 (19. Bd3 $18) 19... Bh7 20. f3 $2 g5 21. e4 Nf4 22.
Bxf4 Bxf4 23. g3 Bxc1 24. Ng2 b6 25. Nd3 Bd2 26. Rd1 Rc3 27. Qb2 Rxd3 28. Bxd3
Bxb4 29. Bxa6 Rd8 30. Ne3 Ba5 31. Bc4 Qb4 32. Qa1 Qc3 33. Qxc3 Bxc3 34. d5 Bb4
35. e5 Nxd5 36. Nxd5 exd5 37. Bxd5 Kf8 38. Bb3 Rxd1+ 39. Bxd1 Bc3 40. f4 gxf4
41. gxf4 Bd2 0-1

[Event "Mechanics' Whitehead TNM; 30/90, SD/30"]
[Site "San Francisco"]
[Date "2014.09.30"]
[Round "9.30"]
[White "Hilliard, Michael"]
[Black "Eastham, Lorraine"]
[Result "1-0"]
[WhiteElo "1400"]
[BlackElo "1229"]
[Annotator "Donaldson"]
[PlyCount "59"]
[EventDate "2014.??.??"]

1. d4 d5 2. Nf3 Nf6 3. e3 Bf5 4. c4 e6 (4... c6) 5. cxd5 (5. Qb3 Nc6 6. Qxb7 $2
(6. Bd2 $11) 6... Nb4 7. Na3 Rb8 8. Qxa7 Ra8 9. Qb7 Rxa3 10. bxa3 Nc2+ 11. Ke2
Nxa1 $17) 5... exd5 6. Qa4+ Bd7 (6... c6) 7. Qb3 Nc6 8. Nc3 Be6 $2 (8... Bd6 9.
Nxd5 Nxd5 10. Qxd5 Nb4 {with decent compensation for the pawn.}) 9. Qxb7 Bd7
10. Qb3 Rb8 11. Qc2 Bd6 12. a3 O-O 13. Bd3 Ne7 14. O-O Qc8 15. Re1 Bf5 16. e4
dxe4 17. Nxe4 Bxe4 18. Bxe4 Nxe4 19. Rxe4 Nd5 20. Rh4 Nf6 21. Bg5 h6 22. Bxf6
gxf6 23. Rxh6 f5 24. Rf6 Kg7 25. Rxf5 Rxb2 26. Rg5+ Kf6 27. Qxb2 Rh8 28. d5+
Ke7 29. Re1+ Kd8 30. Qxh8+ 1-0

[Event "Mechanics' SummerTNM; 30/90, SD/30"]
[Site "San Francisco"]
[Date "2014.07.08"]
[Round "7.36"]
[White "Hilliard, Michael"]
[Black "Eastham, Lorraine"]
[Result "1-0"]
[WhiteElo "1400"]
[BlackElo "999"]
[Annotator "Donaldson"]
[PlyCount "57"]
[EventDate "2014.??.??"]

1. d4 d5 2. Nf3 Bf5 3. e3 e6 4. c4 Nf6 (4... c6 5. Qb3 Qb6) 5. Qb3 b6 $2 (5...
Nc6 $1 6. Qxb7 Nb4 7. Na3 Rb8 8. Qxa7 Ra8 9. Qb7 Rxa3) 6. cxd5 exd5 7. Ne5 Be7
8. Qa4+ (8. Bb5+ $1) 8... Nbd7 $2 {Diagram #} (8... c6 9. Nxc6 $2 Bd7 10. Nxd8
Bxa4 {and the knight on d6 is trapped.}) 9. Nc6 Qc8 10. Ba6 Bc2 11. Qb5 Ne4 12.
Bxc8 Rxc8 13. Nxe7 Kxe7 14. Qxd5 c5 15. Na3 Bd3 16. Qb3 c4 17. Qb4+ Ndc5 18.
dxc5 Rxc5 19. Nb5 Rd8 20. Nc3 f5 21. f3 Ng5 22. e4 Nxf3+ 23. gxf3 Kf7 24. Be3
Re5 25. Bf4 Rc5 26. e5 Ke6 27. Bg3 Rd4 28. f4 Be4 29. Bf2 1-0

[Event "Mechanics' Spring TNM; 30/90, SD/30"]
[Site "San Francisco"]
[Date "2014.05.06"]
[Round "8.27"]
[White "Hilliard, Michael"]
[Black "Gandhi, Sid"]
[Result "1/2-1/2"]
[WhiteElo "1421"]
[BlackElo "1203"]
[PlyCount "113"]
[EventDate "2014.??.??"]

1. d4 Nf6 2. Nf3 g6 3. e3 d5 4. Be2 Bg7 5. b3 c5 6. Bb2 Nc6 7. O-O Ne4 8. Nbd2
Nxd2 9. Qxd2 O-O 10. c4 cxd4 11. Nxd4 dxc4 12. Rad1 Nxd4 13. Bxd4 e5 14. Ba1
Qxd2 15. Rxd2 cxb3 16. axb3 Be6 17. Bc4 Bxc4 18. bxc4 Rac8 19. Rd7 Rb8 20. e4
Rfd8 21. Rfd1 Rxd7 22. Rxd7 Rc8 23. f3 h6 24. Bb2 Rb8 25. c5 a6 26. Bc3 f6 27.
Ba5 Bf8 28. Bb6 a5 29. Rd2 Ra8 30. Kf1 a4 31. Ke2 a3 32. Ra2 h5 33. Kd3 Bh6 34.
Kc4 Bc1 35. Kd5 Rc8 36. Ke6 Kg7 37. Kd7 Rc6 38. Ra1 Bb2 39. Ra2 Kh6 40. h4 g5
41. g3 Kg6 42. Bd8 Rxc5 43. Be7 Rc3 44. hxg5 Kxg5 45. f4+ exf4 46. gxf4+ Kxf4
47. Bxf6 Rc2 48. e5 Rc6 49. Be7 Kxe5 50. Bxa3 Bxa3 51. Rxa3 Rc4 52. Ra5+ Kd4
53. Rxh5 Rc5 54. Rh4+ Ke3 55. Rb4 b5 56. Kd6 Rg5 57. Kc6 1/2-1/2

[Event "Mechanics' Winter TNM; 30/90, SD/30"]
[Site "San Francisco"]
[Date "2014.02.18"]
[Round "7.38"]
[White "Hilliard, Michael"]
[Black "Gandhi, Sid"]
[Result "1/2-1/2"]
[WhiteElo "1400"]
[BlackElo "1339"]
[PlyCount "108"]
[EventDate "2014.??.??"]

1. d4 Nf6 2. Nf3 g6 3. e3 d5 4. Bd3 Bg7 5. Nbd2 Nc6 6. c3 O-O 7. O-O Re8 8. Ne5
Nxe5 9. dxe5 Ng4 10. Nf3 Nxe5 11. Nxe5 Bxe5 12. f4 Bg7 13. f5 e5 14. fxg6 fxg6
15. Qb3 e4 16. Be2 c6 17. c4 Qb6 18. cxd5 Qxb3 19. axb3 cxd5 20. Ra2 Be6 21.
Bd2 d4 22. Bc4 Bxc4 23. bxc4 d3 24. c5 a6 25. b4 Rf8 26. Rc1 Rac8 27. Rc4 Rfe8
28. Kf2 b5 29. Rc1 Re6 30. Rb1 Be5 31. g3 Rf8+ 32. Kg1 Ref6 33. Rd1 Rf2 34.
Rxa6 Re2 35. Be1 Rxe3 36. Bd2 Re2 37. Bh6 Bd4+ 38. Kh1 Rff2 39. Ra8+ Kf7 40.
Rf8+ Ke6 41. Rxf2 Rxf2 42. Re1 Kd5 43. Rd1 Re2 44. Bf4 Be3 45. Bxe3 Rxe3 46.
Kg1 Re2 47. h3 d2 48. Kf1 Rh2 49. h4 e3 50. Kg1 Rh3 51. Kg2 {Diagram #} Kc6 (
51... Rxg3+ 52. Kxg3 Ke4 $19) 52. Kf3 h6 $4 (52... Rxg3+) 53. Kxe3 Rxg3+ 54.
Kxd2 Rh3 1/2-1/2